000 00513nam a22001697a 4500
005 20251108164252.0
008 250721s1992 xx 000 0 ara d
082 1 4 _a793/ألع
245 1 0 _aألعاب البيت و أدوات اللعب للطفل قبل سن المدرسة /
264 1 _aبيروت :
_bدار الكاتب العربي،
_c1992.
300 _a83ص
490 0 _aتعلم من دون معلم
650 1 7 _aالألعاب
650 1 7 _aالترفيه
942 _2ddc
_cBK
999 _c7924
_d7924